Kumpulan puisi bagaimana kalau matahari tidak datang dan malam tidak ingin pergi

Bibliographic Details
Main Author: Roslan Madun (Author)
Format: Book
Published: Kuantan, Pahang : Perbadanan Perpustakaan Awam Pahang 2021
Series:Sayembara Penulisan Puisi DPMP 2020
Subjects:

MARC

LEADER 00000cam a2200000 7i4500
001 0000092245
005 20230829103747.0
020 |a 9789671551271 (  |q (paperback)) 
040 |e rda 
041 |a Malay 
090 0 0 |a 899.231   |b ROS 
100 1 |a Roslan Madun ,   |e (author) 
245 0 0 |a Kumpulan puisi bagaimana kalau matahari tidak datang dan malam tidak ingin pergi   |c Roslan Madun 
264 1 |a Kuantan, Pahang :   |b Perbadanan Perpustakaan Awam Pahang   |c 2021 
300 |a 70 pages :   |b colour ;   |c 21 cm. 
336 |a text  |2 rdacontent 
337 |a unmediated  |2 rdamedia 
338 |a volume  |2 rdacarrier 
490 0 |a Sayembara Penulisan Puisi DPMP 2020 
541 |c Purchased on 2023   |f 0251 JI   |h RM30.00 
650 0 |a Malay poetry 
650 0 |a Poetry 
650 0 |a Puisi 
730 0 |a Judul 
999 |a 0001734328   |b Book   |c Adult Collection   |e Cawangan Urban Transformation Centre 
999 |a 0001734329   |b Book   |c Adult Collection   |e Cawangan AEON Kulaijaya 
999 |a 0001734330   |b Book   |c Adult Collection   |e Perbadanan Perpustakaan Awam Johor 
999 |a 0001734331   |b Book   |c Adult Collection   |e Cawangan Tmn. Ungku Tun Aminah 
999 |a 0001734332   |b Book   |c Adult Collection   |e Cawangan Muar 
999 |a 0001734333   |b Book   |c Adult Collection   |e Cawangan Mersing 
999 |a 0001734334   |b Book   |c Adult Collection   |e Cawangan Bandar Penawar 
999 |a 0001734335   |b Book   |c Adult Collection   |e Cawangan Batu Pahat 
999 |a 0001734336   |b Book   |c Adult Collection   |e Cawangan Segamat 
999 |a 0001734337   |b Book   |c Adult Collection   |e Cawangan Tangkak 
999 |a 0001734338   |b Book   |c Adult Collection   |e Cawangan Sri Merlong 
999 |a 0001734339   |b Book   |c Adult Collection   |e Cawangan Taman Sri Lambak 
999 |a 0001734340   |b Book   |c Adult Collection   |e Cawangan Bandar Tenggara 
999 |a 0001734341   |b Book   |c Adult Collection   |e Cawangan Kota Tinggi 
999 |a 0001734342   |b Book   |c Adult Collection   |e Cawangan Bukit Gambir 
999 |a 0001734343   |b Book   |c Adult Collection   |e Cawangan Pontian